[Event "London Classic Open 2014"]
[Site "London ENG"]
[Date "2014.12.11"]
[Round "4.17"]
[White "Ilfeld, Etan"]
[Black "Fodor, Tamas Jr."]
[Result "0-1"]
[BlackTitle "GM"]
[WhiteElo "2192"]
[BlackElo "2499"]
[WhiteFideId "2803470"]
[BlackFideId "723762"]
[EventDate "2014.12.08"]

1. e4 e5 2. Nf3 Nc6 3. Bb5 a6 4. Ba4 Nf6 5. d4 exd4 6. O-O Be7 7. e5 Ne4 8. Nxd4
O-O 9. Nf5 d5 10. Bxc6 bxc6 11. Nxe7+ Qxe7 12. Re1 Re8 13. f3 Nd6 14. Bd2 Nc4
15. Bc3 Bf5 16. b3 Nb6 17. Bd4 c5 18. Bf2 Rad8 19. Qe2 d4 20. c4 Nd7 21. Bg3 h5
22. Qf2 Nf8 23. Nd2 Ng6 24. h3 Rb8 25. Bh2 h4 26. Kh1 a5 27. Nf1 Rb4 28. Qb2
Reb8 29. Nd2 a4 30. Qc1 Qe6 31. f4 Qc6 32. Kg1 Bc8 33. Rf1 Ne7 34. Qe1 Nf5 35.
Rf3 Bb7 36. Rf2 Qg6 37. Qe2 Ra8 38. Qd3 axb3 39. Nxb3 Ra3 40. Re1 Qe6 41. Rc1 g6
42. Qe2 Qc6 43. Qg4 Rba4 44. Qe2 Bc8 45. Kh1 Be6 46. Qf3 Qb6 47. g4 hxg3 48.
Bxg3 Rxc4 49. Rxc4 Bxc4 50. Rc2 Bxb3 51. axb3 Qxb3 52. Qxb3 Rxb3 53. Rf2 d3 0-1

[Event "London Classic Open 2014"]
[Site "London ENG"]
[Date "2014.12.11"]
[Round "4.18"]
[White "Hector, Jonny"]
[Black "Mihajlov, Svetoslav"]
[Result "1-0"]
[WhiteTitle "GM"]
[WhiteElo "2477"]
[BlackElo "2181"]
[WhiteFideId "1700090"]
[BlackFideId "1507168"]
[EventDate "2014.12.08"]

1. e4 e5 2. Nf3 Nc6 3. Bc4 Bc5 4. O-O d6 5. c3 Nf6 6. d3 a6 7. Bb3 O-O 8. Be3
Qe7 9. Nbd2 Bxe3 10. fxe3 Be6 11. d4 Bxb3 12. Qxb3 Rab8 13. Rae1 Nd7 14. a3 b5
15. Qc2 Nb6 16. b4 Na7 17. c4 Nd7 18. c5 dxc5 19. bxc5 Nc6 20. Rc1 exd4 21. exd4
f6 22. d5 Nce5 23. Nd4 Rfc8 24. N2b3 Qf7 25. Nf5 Nc4 26. Qf2 Nde5 27. Nbd4 Kh8
28. Rc3 Re8 29. Rg3 g6 30. Nh6 Qg7 31. Qxf6 Nd2 32. Qxg7+ Kxg7 33. Rf4 b4 34.
axb4 Rxb4 35. Ne6+ Rxe6 36. dxe6 Rb1+ 37. Kf2 Rf1+ 38. Ke2 Rxf4 39. e7 Rxe4+ 40.
Re3 Ng4 41. Rxe4 1-0

[Event "London Classic Open 2014"]
[Site "London ENG"]
[Date "2014.12.11"]
[Round "4.19"]
[White "Wells, Peter K"]
[Black "Corsino, Gianluca"]
[Result "1-0"]
[WhiteTitle "GM"]
[WhiteElo "2468"]
[BlackElo "2140"]
[WhiteFideId "400327"]
[BlackFideId "816930"]
[EventDate "2014.12.08"]

1. d4 Nf6 2. c4 e6 3. Nf3 Bb4+ 4. Nc3 c5 5. g3 Bxc3+ 6. bxc3 Qa5 7. Bd2 Qa6 8.
Qc2 d6 9. e4 Nc6 10. e5 dxe5 11. dxe5 Nd7 12. Bf4 b6 13. Bg2 Bb7 14. O-O h6 15.
h4 O-O-O 16. Rfe1 Na5 17. h5 Nxc4 18. a4 Bd5 19. Rad1 Bc6 20. Qe2 Nb8 21. Nh4
Bxg2 22. Nxg2 Nc6 23. Rd6 Qxa4 24. Rxc6+ Qxc6 25. Qxc4 g6 26. Qe2 Rd7 27. Bc1 g5
28. f4 gxf4 29. Bxf4 Rhd8 30. Bxh6 Rd3 31. Bg5 R8d7 32. h6 f6 33. h7 1-0

[Event "London Classic Open 2014"]
[Site "London ENG"]
[Date "2014.12.11"]
[Round "4.20"]
[White "Adair, James R"]
[Black "Williamson, Roger G"]
[Result "1/2-1/2"]
[WhiteTitle "IM"]
[WhiteElo "2428"]
[BlackElo "2160"]
[WhiteFideId "406252"]
[BlackFideId "414620"]
[EventDate "2014.12.08"]

1. e4 e5 2. Nf3 Nc6 3. Bb5 a6 4. Ba4 Nf6 5. O-O Be7 6. Re1 b5 7. Bb3 d6 8. c3
O-O 9. h3 Na5 10. Bc2 c5 11. d4 Qc7 12. Nbd2 Be6 13. d5 Bd7 14. b3 g6 15. Nf1
Nh5 16. Bh6 Rfb8 17. Ng3 Ng7 18. Qd2 Nb7 19. c4 Nd8 20. h4 f6 21. h5 g5 22. Bxg7
Kxg7 23. Nh2 Nf7 24. Nhf1 Nh6 25. Ne3 Qc8 26. Bd1 Bd8 27. Be2 Bb6 28. Rec1 b4
29. Qd1 a5 30. Ngf1 a4 31. Rab1 axb3 32. axb3 Ra7 33. Nh2 f5 34. exf5 Bxf5 35.
Nxf5+ Qxf5 36. Bg4 Qf4 37. Rc2 Rba8 38. g3 Qd4 39. Qe2 e4 40. Rbb2 e3 41. Qxe3
Qxe3 42. fxe3 Bd8 43. Rf2 Ra1+ 44. Kg2 Bf6 45. Rbd2 Rb1 46. Bd1 Bc3 47. Rd3 Raa1
48. Rf1 g4 49. Kg1 Rc1 50. Kg2 Rab1 51. Kg1 Ra1 52. Kg2 Rcb1 53. Kg1 1/2-1/2

[Event "London Classic Open 2014"]
[Site "London ENG"]
[Date "2014.12.11"]
[Round "4.21"]
[White "Stigar, Petter"]
[Black "Zumsande, Martin"]
[Result "1/2-1/2"]
[WhiteTitle "FM"]
[BlackTitle "IM"]
[WhiteElo "2194"]
[BlackElo "2428"]
[WhiteFideId "1500341"]
[BlackFideId "4651324"]
[EventDate "2014.12.08"]

1. d4 d5 2. c4 e6 3. Nc3 Be7 4. Nf3 Nf6 5. Bf4 O-O 6. e3 c5 7. dxc5 Bxc5 8. a3
Nc6 9. Qc2 Qa5 10. Rd1 Be7 11. Be2 Ne4 12. cxd5 Nxc3 13. bxc3 exd5 14. O-O Be6
15. Rb1 Qxa3 16. Rxb7 Na5 17. Rb2 Rfc8 18. Ra2 Qc5 19. Rfa1 Nc6 20. Bd3 h6 1/2-1/2

[Event "London Classic Open 2014"]
[Site "London ENG"]
[Date "2014.12.11"]
[Round "4.23"]
[White "Willmoth, Robert F"]
[Black "Guramishvili, Sopiko"]
[Result "1/2-1/2"]
[BlackTitle "IM"]
[WhiteElo "2182"]
[BlackElo "2388"]
[WhiteFideId "402540"]
[BlackFideId "13602888"]
[EventDate "2014.12.08"]

1. b3 d6 2. Bb2 e5 3. c4 Nc6 4. Nc3 g6 5. g3 Bg7 6. Bg2 Nge7 7. e3 Be6 8. Nf3 h6
9. d4 exd4 10. Nxd4 Nxd4 11. exd4 d5 12. cxd5 Nxd5 13. Nxd5 Bxd5 14. Qe2+ Kf8
15. O-O Bxg2 16. Kxg2 Qd5+ 17. Kg1 Kg8 18. Rac1 c6 19. Qe7 Rb8 20. Rfe1 Kh7 21.
Ba1 Rhd8 22. Qc7 Rdc8 23. Qe7 Kg8 24. h4 h5 25. Rc5 Qf3 26. Qe3 Qg4 27. d5 Bxa1
28. Rxa1 Re8 29. Qc3 cxd5 30. Rxd5 Rbd8 1/2-1/2

[Event "London Classic Open 2014"]
[Site "London ENG"]
[Date "2014.12.11"]
[Round "4.24"]
[White "Houska, Jovanka"]
[Black "Gavriel, Tryfon C"]
[Result "1-0"]
[WhiteTitle "IM"]
[BlackTitle "CM"]
[WhiteElo "2388"]
[BlackElo "2128"]
[WhiteFideId "405094"]
[BlackFideId "403105"]
[EventDate "2014.12.08"]

1. d4 Nf6 2. Nf3 c5 3. e3 g6 4. b3 Qa5+ 5. c3 d6 6. Bb2 Bg7 7. Nbd2 Qc7 8. Bd3
O-O 9. O-O b6 10. Qe2 Bb7 11. c4 Nbd7 12. d5 e5 13. dxe6 fxe6 14. Ng5 Rae8 15.
f4 e5 16. f5 e4 17. Bc2 gxf5 18. Rxf5 h6 19. Nh3 Ne5 20. Bxe5 Rxe5 21. Rxe5 dxe5
22. Nf2 Rd8 23. Ndxe4 Nxe4 24. Nxe4 Bxe4 25. Bxe4 Qd6 26. Qg4 Rf8 27. Rd1 Qf6
28. Bf3 Kh8 29. h3 a5 30. Be4 Qg5 31. Qxg5 hxg5 32. Kh2 g4 33. hxg4 Bh6 34. Rd3
Rf2 35. Kg3 Re2 36. Kf3 Rxa2 37. Rd8+ Kg7 38. Rd6 1-0

[Event "London Classic Open 2014"]
[Site "London ENG"]
[Date "2014.12.11"]
[Round "4.25"]
[White "Kiik, Kalle"]
[Black "Hill, Alistair"]
[Result "1/2-1/2"]
[WhiteTitle "IM"]
[WhiteElo "2372"]
[BlackElo "2112"]
[WhiteFideId "4500075"]
[BlackFideId "432407"]
[EventDate "2014.12.08"]

1. e4 e6 2. d4 d5 3. e5 c5 4. c3 Nc6 5. Nf3 Qb6 6. a3 Nh6 7. Bd3 Bd7 8. Bc2 g6
9. dxc5 Qxc5 10. O-O Bg7 11. b4 Qb6 12. Bf4 a5 13. Nbd2 axb4 14. cxb4 Nf5 15.
Nb3 O-O 16. Nc5 Nb8 17. Qd2 Ne7 18. a4 Qc7 19. h4 b6 20. Nd3 Rc8 21. Rfc1 Nbc6
22. Bd1 Qd8 23. Bg5 Qe8 24. g4 Qf8 25. Bf6 Kh8 26. Qf4 d4 27. Bb3 Nd5 28. Bxd5
exd5 29. Bxg7+ Kxg7 30. Nxd4 Kg8 31. Nb5 Nd8 32. Rxc8 Rxc8 33. Nd6 Ne6 34. Qe3
d4 35. Qe4 Bc6 36. Qe2 Ra8 37. b5 Bd5 38. g5 h6 39. f4 hxg5 40. fxg5 Qe7 41. Ne4
Bxe4 42. Qxe4 Rc8 43. a5 bxa5 44. Rxa5 Nc5 45. Nxc5 Rxc5 46. Ra8+ Kh7 47. Qxd4
Rxe5 48. Kg2 Qb7+ 49. Kg3 Qxb5 50. Ra3 1/2-1/2

[Event "London Classic Open 2014"]
[Site "London ENG"]
[Date "2014.12.11"]
[Round "4.26"]
[White "Marzano, Carlo"]
[Black "Sowray, Peter J"]
[Result "0-1"]
[BlackTitle "FM"]
[WhiteElo "2166"]
[BlackElo "2365"]
[WhiteFideId "802980"]
[BlackFideId "400971"]
[EventDate "2014.12.08"]

1. Nc3 e6 2. e4 d5 3. f4 Nf6 4. e5 Ng8 5. Nf3 c5 6. d4 b6 7. Be3 Nh6 8. Qd2 Nc6
9. O-O-O c4 10. h3 Rb8 11. Nb5 a6 12. Nd6+ Bxd6 13. exd6 Nf5 14. Ne5 Qxd6 15.
Bf2 f6 16. g4 Nfe7 17. Nf3 Qb4 18. Qxb4 Nxb4 19. Kd2 Bd7 20. Bg3 Rb7 21. Bg2 Kf7
22. Rhe1 Rc8 23. Re3 Nbc6 24. h4 Re8 25. Bh3 Nc8 26. f5 exf5 27. Rxe8 Bxe8 28.
g5 N8e7 29. Re1 Bd7 30. a3 Ra7 31. c3 Ra8 32. gxf6 gxf6 33. Bc7 Rc8 34. Bh2 Re8
35. Bc7 Nc8 36. Rxe8 Kxe8 37. Ng1 Be6 38. Ne2 Kd7 39. Bf4 Nd6 40. Ke3 Ne4 41.
Kf3 Ne7 42. h5 Bf7 43. h6 Bh5+ 44. Ke3 Bxe2 45. Kxe2 Ke6 46. Bc7 b5 47. Ke3 Ng5
48. Bg2 Ng8 49. Kf4 Nxh6 50. Bd8 Nhf7 51. Bc7 Nh8 52. Bf1 Ng6+ 53. Ke3 h5 54.
Be2 h4 55. Bh5 Ne7 56. Be8 Ne4 57. a4 bxa4 58. Bxa4 h3 59. Kf3 Ng6 60. Bh2 Nh4+
61. Ke2 Ng2 62. Bc6 f4 63. Bb7 a5 64. Bc8+ Ke7 65. Bxh3 f3+ 66. Kxf3 Ne1+ 67.
Ke3 Nd3 68. Bc8 Nxb2 69. Bb7 Nd1+ 70. Kf3 Ndxc3 71. Bf4 Nd6 72. Bc6 Nf5 0-1

[Event "London Classic Open 2014"]
[Site "London ENG"]
[Date "2014.12.11"]
[Round "4.27"]
[White "Cox, John J"]
[Black "Haldorsen, Benjamin"]
[Result "1-0"]
[WhiteTitle "IM"]
[WhiteElo "2361"]
[BlackElo "2096"]
[WhiteFideId "401064"]
[BlackFideId "1512633"]
[EventDate "2014.12.08"]

1. c4 g6 2. g3 Bg7 3. Bg2 d6 4. Nf3 Nf6 5. O-O O-O 6. Nc3 Nc6 7. d3 e5 8. Rb1 a5
9. a3 Nd4 10. b4 axb4 11. axb4 c6 12. b5 Bg4 13. bxc6 bxc6 14. Bg5 h6 15. Bxf6
Bxf6 16. Nxd4 exd4 17. Ne4 Bg7 18. Rb7 d5 19. cxd5 cxd5 20. Nd2 Ra2 21. Re1 Re8
22. Rb5 Qg5 23. Nf3 Qh5 24. Rc5 Kh7 25. Rc2 Ra6 26. Qd2 Qf5 27. Qb4 Ra7 28. Nxd4
Qd7 29. Qc5 Qa4 30. Nc6 Rc7 31. Bxd5 Rxe2 32. Rcxe2 Bxe2 33. Qd6 Rb7 34. Ne5 Qd4
35. Nc4 Bxd3 36. Bxb7 Qxc4 37. Bd5 Qd4 38. Rd1 Qc3 39. Bxf7 Be2 40. Qxg6+ 1-0

[Event "London Classic Open 2014"]
[Site "London ENG"]
[Date "2014.12.11"]
[Round "4.28"]
[White "Jackson, James P"]
[Black "Lien, Kjell Hakon"]
[Result "1-0"]
[WhiteTitle "FM"]
[WhiteElo "2356"]
[BlackElo "2078"]
[WhiteFideId "416860"]
[BlackFideId "1510444"]
[EventDate "2014.12.08"]

1. e4 c5 2. Nf3 d6 3. d4 cxd4 4. Nxd4 Nf6 5. Nc3 Bd7 6. Be3 Ng4 7. Bc1 Nf6 8. f3
e5 9. Nb3 Be7 10. Be3 a5 11. a4 O-O 12. Qd2 Na6 13. O-O-O Be6 14. g4 Nb4 15. g5
Nh5 16. Nd5 Nxd5 17. exd5 Bd7 18. Bb5 Bxb5 19. axb5 a4 20. Na1 a3 21. b3 Qd7 22.
c4 Rfc8 23. Nc2 Qf5 24. Rhf1 f6 25. h4 fxg5 26. hxg5 Nf4 27. Bxf4 exf4 28. Nd4
Qxg5 29. Rg1 Qxd5 30. Qxf4 Bf6 31. Qxf6 Rxc4+ 32. bxc4 Qxc4+ 33. Kd2 1-0

[Event "London Classic Open 2014"]
[Site "London ENG"]
[Date "2014.12.11"]
[Round "4.29"]
[White "Ethelontis, Alexandros N"]
[Black "Salomon, Johan"]
[Result "1/2-1/2"]
[BlackTitle "FM"]
[WhiteElo "2160"]
[BlackElo "2343"]
[WhiteFideId "405469"]
[BlackFideId "1509500"]
[EventDate "2014.12.08"]

1. c4 f5 2. g3 Nf6 3. Bg2 e5 4. d4 Bb4+ 5. Bd2 Bxd2+ 6. Qxd2 d6 7. dxe5 dxe5 8.
Qxd8+ Kxd8 9. Nf3 e4 10. Ng5 Ke7 11. Nc3 h6 12. Nh3 g5 13. f3 Nc6 14. O-O-O Ne5
15. b3 g4 16. Nf4 gxf3 17. exf3 exf3 18. Bxf3 Kf7 1/2-1/2

[Event "London Classic Open 2014"]
[Site "London ENG"]
[Date "2014.12.11"]
[Round "4.30"]
[White "Amato, Andrea"]
[Black "Gutkind, Kedem"]
[Result "1-0"]
[WhiteTitle "FM"]
[WhiteElo "2338"]
[BlackElo "2064"]
[WhiteFideId "813222"]
[BlackFideId "1046519"]
[EventDate "2014.12.08"]

1. Nf3 Nf6 2. c4 g6 3. Nc3 Bg7 4. e4 d6 5. d4 O-O 6. h3 c5 7. d5 e6 8. Bg5 h6 9.
Be3 exd5 10. exd5 Re8 11. Bd3 Nbd7 12. O-O Ne5 13. Nxe5 Rxe5 14. Qd2 Bd7 15.
Bxh6 Bxh6 16. Qxh6 Rh5 17. Qe3 Kg7 18. Rfe1 Qh8 19. Bf1 Bf5 20. Ne2 Re8 21. Qc3
Rh4 22. Ng3 Rd4 23. Rxe8 Qxe8 24. Nxf5+ gxf5 25. Qg3+ Kh7 26. Qxd6 Ne4 27. Qf4
Qd7 28. Qe3 b6 29. Re1 Qd6 30. Qf3 Qg6 31. Be2 Nd2 32. Qg3 Qxg3 33. fxg3 Nxc4
34. Bxc4 Rxc4 35. Rd1 Re4 36. d6 Re8 37. Kf2 Kg6 38. Kf3 Kf6 39. d7 Rd8 40. Kf4
b5 41. Rd5 Ke6 42. Rxc5 Rxd7 43. Re5+ Kd6 44. Kxf5 Kc6 45. Re2 1-0

[Event "London Classic Open 2014"]
[Site "London ENG"]
[Date "2014.12.11"]
[Round "4.31"]
[White "Shamima, Akter Liza"]
[Black "Schoorl, Rob"]
[Result "1/2-1/2"]
[WhiteTitle "WIM"]
[BlackTitle "FM"]
[WhiteElo "2159"]
[BlackElo "2327"]
[WhiteFideId "10202587"]
[BlackFideId "1009508"]
[EventDate "2014.12.08"]

1. d4 f5 2. c4 Nf6 3. Nf3 g6 4. g3 Bg7 5. Bg2 O-O 6. Nc3 d6 7. O-O Qe8 8. Qb3
Kh8 9. Re1 e5 10. dxe5 dxe5 11. e4 Nc6 12. Be3 fxe4 13. Ng5 Nd4 14. Bxd4 exd4
15. Ncxe4 Nxe4 16. Rxe4 Qd8 17. Ne6 Bxe6 18. Rxe6 d3 19. Rd1 Qd4 20. Re3 Bh6 21.
Rexd3 Qxf2+ 22. Kh1 Rae8 23. Rf3 Rxf3 1/2-1/2

[Event "London Classic Open 2014"]
[Site "London ENG"]
[Date "2014.12.11"]
[Round "4.32"]
[White "Villiers, Thomas"]
[Black "Holm, Kristian Stuvik"]
[Result "0-1"]
[BlackTitle "FM"]
[WhiteElo "2061"]
[BlackElo "2326"]
[WhiteFideId "427209"]
[BlackFideId "1508083"]
[EventDate "2014.12.08"]

1. d4 Nf6 2. c4 g6 3. g3 Bg7 4. Bg2 O-O 5. Nf3 d6 6. Nc3 c6 7. O-O Bf5 8. b3 Ne4
9. Bb2 Nxc3 10. Bxc3 Be4 11. Qd2 Nd7 12. Rad1 d5 13. Ne1 Bxg2 14. Nxg2 a5 15.
Rfe1 a4 16. e4 dxe4 17. Rxe4 axb3 18. axb3 e6 19. Ree1 Qc7 20. Ra1 Rxa1 21. Rxa1
Rd8 22. Qb2 h5 23. Ne3 Nf8 24. h4 Nh7 25. c5 Qd7 26. Nc4 g5 27. hxg5 Qd5 28. g6
fxg6 29. Qc2 Ng5 30. Qxg6 Nh3+ 31. Kh2 Nxf2 32. Ne3 Qe4 33. Qg5 Qxe3 34. Qxd8+
Kh7 35. Qh4 Ng4+ 36. Kh3 Qxc3 37. Qxh5+ Nh6 38. Rf1 Qxb3 39. Rf7 Qb1 40. Kh2
Qc2+ 41. Kh3 Qe4 42. Kh2 Kg8 43. Rf4 Qc2+ 44. Kh3 Qb1 45. Kh2 Qa2+ 46. Kh3 Qd5
47. Qe8+ Kh7 48. Rf1 Bxd4 49. Qe7+ Bg7 50. Qxb7 Qh5+ 51. Kg2 Qe2+ 52. Rf2 Qe4+
53. Kh3 Qh1+ 54. Rh2 Qf1+ 55. Kh4 Kg6 56. g4 Bf6+ 57. g5 Qf4+ 0-1

[Event "London Classic Open 2014"]
[Site "London ENG"]
[Date "2014.12.11"]
[Round "4.33"]
[White "Maisuradze, Nino"]
[Black "White, Alastair F"]
[Result "0-1"]
[WhiteTitle "WGM"]
[WhiteElo "2323"]
[BlackElo "2058"]
[WhiteFideId "13601717"]
[BlackFideId "2402041"]
[EventDate "2014.12.08"]

1. d4 d6 2. c4 e5 3. Nc3 exd4 4. Qxd4 Nf6 5. b3 Nc6 6. Qd2 g6 7. Bb2 Bg7 8. g3
O-O 9. Bg2 Re8 10. Nh3 d5 11. Nxd5 Bxh3 12. Bxh3 Ne4 13. Qc1 Nd4 14. e3 Nc5 15.
Qd1 Nf3+ 16. Qxf3 Bxb2 17. Rb1 c6 18. O-O Bg7 19. Nf4 Ne4 20. Qg2 Nd2 21. Rbd1
Qa5 22. Rfe1 Qxa2 23. f3 Rad8 24. e4 Qa5 25. Ne2 Qb6+ 26. Kh1 Qxb3 27. Nc1 Qc3
28. f4 Nxc4 29. Rxd8 Qxe1+ 0-1

[Event "London Classic Open 2014"]
[Site "London ENG"]
[Date "2014.12.11"]
[Round "4.34"]
[White "Cumming, Rhys"]
[Black "Sanders, Isaac B"]
[Result "1-0"]
[BlackTitle "FM"]
[WhiteElo "2057"]
[BlackElo "2323"]
[WhiteFideId "470163"]
[BlackFideId "417661"]
[EventDate "2014.12.08"]

1. e4 e6 2. d4 d5 3. Nd2 Nc6 4. Ngf3 Nf6 5. e5 Nd7 6. Nb3 f6 7. Bb5 fxe5 8. dxe5
Be7 9. Nbd4 Ndb8 10. Ng5 Bxg5 11. Qh5+ g6 12. Qxg5 Qxg5 13. Bxg5 O-O 14. Nxc6
bxc6 15. Bd3 Ba6 16. f4 Kg7 17. g3 Bb5 18. h4 Nd7 19. Kd2 Rae8 20. h5 Bxd3 21.
cxd3 h6 22. hxg6 hxg5 23. Rh7+ Kxg6 24. Rxd7 Rf7 25. Rxf7 Kxf7 26. fxg5 Kg6 27.
Rc1 Rb8 28. b3 Rb6 29. d4 Kxg5 30. Rf1 a5 31. Kd3 a4 32. Kc3 axb3 33. axb3 Kg4
34. Rf6 Kxg3 35. Rxe6 Kf4 36. Rf6+ Kg5 37. Rf8 c5 38. dxc5 Rh6 39. c6 Rxc6+ 40.
Kd4 Rb6 41. Kxd5 Rxb3 42. Ke6 Re3 43. Rf1 Kg6 44. Rg1+ Kh7 45. Kf7 Rf3+ 46. Ke7
c5 47. Rc1 Ra3 48. Rxc5 Ra7+ 49. Kf6 Ra8 50. e6 Kg8 51. Rg5+ Kh7 52. Kf7 1-0

[Event "London Classic Open 2014"]
[Site "London ENG"]
[Date "2014.12.11"]
[Round "4.35"]
[White "Paterek, Michal"]
[Black "Robert, Pierre"]
[Result "1-0"]
[WhiteTitle "FM"]
[WhiteElo "2313"]
[BlackElo "2051"]
[WhiteFideId "1116142"]
[BlackFideId "204781"]
[EventDate "2014.12.08"]

1. d4 Nf6 2. g3 g6 3. Bg2 Bg7 4. e4 d6 5. Ne2 O-O 6. O-O c5 7. c3 Nbd7 8. h3 Rb8
9. a4 a6 10. a5 b5 11. axb6 Qxb6 12. Na3 Qc7 13. d5 c4 14. Qc2 Nc5 15. Be3 Bd7
16. Nd4 Ba4 17. Qe2 Nd3 18. b4 Rfc8 19. Nxc4 Qxc4 20. Rxa4 Qxc3 21. Nc6 Rxc6 22.
dxc6 Qxc6 23. Ra5 Nxb4 24. Rc1 Qb7 25. e5 Nfd5 26. exd6 exd6 27. Qd2 1-0

[Event "London Classic Open 2014"]
[Site "London ENG"]
[Date "2014.12.11"]
[Round "4.36"]
[White "Stamos, Filippos"]
[Black "Buchicchio, Giampaolo"]
[Result "1-0"]
[BlackTitle "FM"]
[WhiteElo "2060"]
[BlackElo "2301"]
[WhiteFideId "4242807"]
[BlackFideId "811491"]
[EventDate "2014.12.08"]

1. d4 d5 2. c4 c6 3. Nf3 Nf6 4. Nc3 a6 5. g3 dxc4 6. a4 Nd5 7. Bg2 Nxc3 8. bxc3
b5 9. Ne5 Bb7 10. axb5 axb5 11. Bf4 f6 12. Rxa8 Bxa8 13. Ng4 Nd7 14. Qc2 e6 15.
O-O Be7 16. Ra1 Nb6 17. Ra7 Nd5 18. Bd2 O-O 19. Bh3 Kh8 20. e4 Nb6 21. Bf4 Bd6
22. Bxd6 Qxd6 23. e5 Qd8 24. Nxf6 Rxf6 25. Rxa8 Qxa8 26. exf6 Qe8 27. fxg7+ Kxg7
28. Qe4 Nd5 29. Bxe6 Nxc3 30. Qe5+ Kh6 31. h4 Qe7 32. g4 Nd5 33. g5+ Kg6 34.
Qf5+ Kh5 35. f3 Ne3 36. Bf7+ Kxh4 37. Qf4+ 1-0

[Event "London Classic Open 2014"]
[Site "London ENG"]
[Date "2014.12.11"]
[Round "4.37"]
[White "Mihajlov, Sebastian"]
[Black "Holleland, Sigve"]
[Result "1/2-1/2"]
[WhiteTitle "FM"]
[WhiteElo "2278"]
[BlackElo "2042"]
[WhiteFideId "1512110"]
[BlackFideId "1513672"]
[EventDate "2014.12.08"]

1. d4 Nf6 2. c4 e6 3. Nc3 d5 4. cxd5 exd5 5. Bg5 Bb4 6. a3 Bxc3+ 7. bxc3 c6 8.
Qc2 O-O 9. e3 h6 10. Bh4 g5 11. Bg3 Ne4 12. Bd3 Nxg3 13. hxg3 Kg7 14. Ne2 Nd7
15. O-O Nf6 16. f3 Re8 17. e4 dxe4 18. fxe4 Qe7 19. e5 Nd5 20. Qd2 Bg4 21. Bc2
Bh5 22. g4 Bxg4 23. Ng3 Be6 24. Nh5+ Kf8 25. Qd3 Qd8 26. Nf6 Ke7 27. Rab1 b5 28.
Nxe8 Qxe8 29. Qf3 g4 30. Qg3 Qg8 31. Bf5 Qg5 32. Bxe6 fxe6 33. Kh1 Ne3 34. Rf4
Rf8 35. Rxf8 Kxf8 36. Qf2+ Nf5 37. g3 h5 38. a4 bxa4 39. Rb8+ Kf7 40. Rb7+ Kg6
41. Qa2 Qc1+ 42. Kh2 1/2-1/2

[Event "London Classic Open 2014"]
[Site "London ENG"]
[Date "2014.12.11"]
[Round "4.39"]
[White "Sakai, Sou"]
[Black "Prosviriakov, Vladimir"]
[Result "1-0"]
[BlackTitle "IM"]
[WhiteElo "1881"]
[BlackElo "2271"]
[WhiteFideId "7001487"]
[BlackFideId "2004860"]
[EventDate "2014.12.08"]

1. d4 d6 2. Nf3 Nf6 3. c4 c6 4. Nc3 Bf5 5. Qb3 Qc7 6. Nh4 Bg6 7. Nxg6 hxg6 8. e4
e5 9. dxe5 dxe5 10. Be2 Nbd7 11. Be3 Bc5 12. O-O-O Bxe3+ 13. fxe3 O-O-O 14. Qa3
Qb6 15. Na4 Qa5 16. b4 Qc7 17. Nc3 Kb8 18. c5 a6 19. Qb3 Rhf8 20. Rhf1 Rde8 21.
h3 Re7 22. a4 a5 23. Rd2 Nh7 24. Bg4 Ng5 25. h4 axb4 26. hxg5 bxc3 27. Qxc3 Rfe8
28. a5 Ka8 29. Be2 Nb8 30. Ra2 Na6 31. Bxa6 bxa6 32. Rb2 Ka7 33. Rb6 Qc8 34. Qc4
Rf8 35. Rd1 Rc7 36. Kb2 Rh8 37. Kc3 Re8 38. Rd6 Rh8 39. Qd3 Re8 40. Qf1 Rh8 41.
Rd2 Re8 42. Rf2 Ree7 43. g3 Rcd7 44. Rh2 Re8 45. Rf2 Ree7 46. Qc4 Rc7 47. Rd2
Re8 48. Kb2 Rh8 49. Ka3 Rf8 50. Rd6 Re8 51. Kb2 Rh8 52. Kc2 Re8 53. Kd2 Rh8 54.
Ke1 Re8 55. Kf2 Rh8 56. Kf3 Rf8 57. Kg2 Rh8 58. Kf2 Rf8 59. g4 Rh8 60. Kg3 Re8
61. Qd3 Rf8 62. Qf1 Rh8 63. Qa1 Re8 64. Qa4 Re6 65. Qc4 Re8 66. Qc3 Ree7 67. Qb2
Re8 68. Qa1 Ree7 69. Qh1 Re8 70. Qh7 Rg8 71. Kf3 Qf8 72. Qh2 Qe8 73. Qb2 Rf8 74.
Rxa6+ 1-0

[Event "London Classic Open 2014"]
[Site "London ENG"]
[Date "2014.12.11"]
[Round "4.40"]
[White "Britton, Richard L"]
[Black "Wettasinha, Vasanta"]
[Result "1-0"]
[WhiteTitle "FM"]
[WhiteElo "2230"]
[BlackElo "1761"]
[WhiteFideId "401692"]
[BlackFideId "9904433"]
[EventDate "2014.12.08"]

1. e4 c5 2. Nf3 g6 3. d4 cxd4 4. Nxd4 Nc6 5. c4 Nf6 6. Nc3 Nxd4 7. Qxd4 Bg7 8.
Bg5 Qa5 9. Qd2 h6 10. Be3 Ng4 11. Bd4 e5 12. Be3 Nxe3 13. Qxe3 h5 14. Be2 d6 15.
Rd1 Be6 16. O-O O-O 17. a3 Qc5 18. Qd3 Rfd8 19. Qb1 Bxc4 20. Bxc4 Qxc4 21. Nd5
Bh6 22. Rd3 Kg7 23. Rc3 Qa4 24. b3 Qa5 25. Qc2 Rd7 26. b4 Qd8 27. Rc4 Qf8 28.
Qc3 Rad8 29. f4 f6 30. f5 g5 31. b5 g4 32. Nc7 Qe7 33. Ne6+ Kh7 34. Nxd8 Qxd8
35. a4 Qb6+ 36. Kh1 Be3 37. Rc8 Qd4 38. Qb3 d5 39. Rd1 Qxe4 40. Re1 Qxf5 41.
Qxe3 Re7 42. Qc5 Qe6 43. Rd8 d4 44. Rxd4 1-0

[Event "London Classic Open 2014"]
[Site "London ENG"]
[Date "2014.12.11"]
[Round "4.41"]
[White "Barton, R Alan"]
[Black "Haugli, Petter"]
[Result "0-1"]
[BlackTitle "IM"]
[WhiteElo "2042"]
[BlackElo "2283"]
[WhiteFideId "404233"]
[BlackFideId "1500104"]
[EventDate "2014.12.08"]

1. d4 f5 2. Qd3 d6 3. e4 fxe4 4. Qxe4 Nf6 5. Qh4 Bf5 6. c3 e6 7. Bc4 Be7 8. Bg5
Nc6 9. Nd2 Qd7 10. Ngf3 O-O-O 11. O-O h6 12. Bxf6 Bxf6 13. Qf4 g5 14. Qe3 g4 15.
Ne1 Bg5 16. Qe2 h5 17. a4 Ne7 18. Nd3 Ng6 19. Ne4 Nf4 20. Nxf4 Bxf4 21. Rfe1
Rdf8 22. Ng3 d5 23. Bd3 Bxd3 24. Qxd3 h4 25. Nf1 Rf6 26. Re2 Bd6 27. a5 Rhf8 28.
b4 a6 29. Rae1 Qf7 30. Qe3 Bf4 31. Qd3 c6 32. c4 Bd6 33. cxd5 exd5 34. Qd2 g3
35. hxg3 hxg3 36. f3 Bf4 37. Qc2 Rh8 38. Re7 Qh5 39. Nxg3 Bxg3 40. Kf1 Qh1+ 0-1